000 01080nam a2200277Ia 4500
005 20260324133449.0
008 008 260324s9999 xx 000 0 eng d
020 _a9781315220321
037 _aEBOOK
040 _aCRL
040 _beng
040 _cCRL
041 _2eng
041 _aeng
084 _qCRL
100 _aJoe Staudinger; John R. Mahon; Mike Golio; Michael Steer; Charles Nelson; Warren Seely; Robert Newgard; Mark Bloom; R.J. Trew; Ronald E. Ham; Jeanne Pavio; Alfy Riddle; Walter R. Curtice; Richard V. Snyder; Anthony Parker; J. Stevenson Kenney; Jakub Kucera; J-P Lanteri; Anthony Pavio; Bill Deal; Dan Swanson; Urs Lott; Vesna Radisic; Tatsuo Itoh; James Grantley Rathmell; Jonathan B. Scott; Christopher Jones; Ron Kielmeyer; John F. Sevic
_91193193
245 0 _aCommercial Wireless Circuits and Components Handbook
260 _bTaylor and Francis
260 _c2003
365 _a
365 _b370
856 _uhttp://www.taylorfrancis.com/books/9781315220321
942 _cEBOOK
999 _c1792243
_d1792243